Vplyv dohody združenia EÚ o činnosti medzinárodných spoločností pri výrobe potravín

Špecifiká trhu s potravinami a analýza aktivít medzinárodných spoločností pôsobiacich v sektore výroby potravín na Ukrajine. Hodnotenie vplyvu na hospodárstvo Ukrajiny týchto spoločností a dohody združení s EÚ v rámci procesov eurointegračného prístupu.

Gespeichert in:
Bibliographische Detailangaben
1. Verfasser: Nadir-oglyAlishov, Gamid
Format: Buchkapitel
Sprache:Ukrainisch
Schlagworte:
Tags: Tag hinzufügen
Keine Tags, Fügen Sie das erste Tag hinzu!

MARC

LEADER 00000naa a2200000 4500
001 0249009
005 20191008102519.4
041 0 |a ukr 
044 |a UA 
245 1 0 |a Vplyv dohody združenia EÚ o činnosti medzinárodných spoločností pri výrobe potravín  |c Gamid Nadir-oglyAlishov 
520 |a Špecifiká trhu s potravinami a analýza aktivít medzinárodných spoločností pôsobiacich v sektore výroby potravín na Ukrajine. Hodnotenie vplyvu na hospodárstvo Ukrajiny týchto spoločností a dohody združení s EÚ v rámci procesov eurointegračného prístupu. 
610 2 0 |a potravinárstvo 
610 2 0 |a priemysel potravinársky 
610 2 0 |a produkcia 
610 2 0 |a investície 
610 2 0 |a integrácia 
610 2 0 |a integrácia ekonomická medzinárodná 
610 2 0 |a dohody medzinárodné 
610 2 0 |a Európska únia 
100 1 |a Nadir-oglyAlishov, Gamid